| 000 | 01123nam a22002537a 4500 | ||
|---|---|---|---|
| 005 | 20240530110448.0 | ||
| 008 | 150502s2012 ua a g b 000 0 ara d | ||
| 017 |
_a2012/2511 _bمصر . دار الكتب المصرية |
||
| 020 | _a9789774951077 | ||
| 040 | _aEG-CaGPL | ||
| 082 | 0 | 4 |
_221 _a302.23\ _bهـ د |
| 100 | 0 | _aهشام عطية عبدالمقصود. | |
| 245 | 1 | 0 |
_aدراسات فى تحليل الخطاب الاعلامى : _bصورة الذات العربية فى الازمات الدولية و اليات التحيز فى التغطية الخبرية / _cهشام عطية عبدالمقصود. |
| 250 | _aط1. | ||
| 260 |
_aالقاهرة : _bدار العالم العربى ، _c2012. |
||
| 300 |
_a199 ص ؛ _c24 سم. |
||
| 490 | 0 | _aسلسلة اتجاهات حديثة فى الاعلام . | |
| 504 | _aيشتمل على ارجاعات ببليوجرافية . | ||
| 650 | 0 | 4 | _aالاتصال ، علم اجتماع |
| 650 | 0 | 4 |
_aالخطاب الاعلامى _xتحليل |
| 650 | 0 | 4 | _aوسائل الاعلام |
| 942 |
_2ddc _cBK |
||
| 999 |
_c61200 _d61200 |
||